ARRUPE JESUIT UNIVERSITY

CORONAVIRUS -STOP THE SPREAD - CLEAN,DISINFECT,COVER

West African resistance : (Record no. 16263)

MARC details
000 -LEADER
fixed length control field 01067cam a2200301 i 4500
001 - CONTROL NUMBER
control field 4178181
003 - CONTROL NUMBER IDENTIFIER
control field ARRUPE
005 - DATE AND TIME OF LATEST TRANSACTION
control field 20170504115121.0
008 - FIXED-LENGTH DATA ELEMENTS--GENERAL INFORMATION
fixed length control field 790329s1978 enkabcf b 001 0 eng
010 ## - LIBRARY OF CONGRESS CONTROL NUMBER
LC control number 79302303
015 ## - NATIONAL BIBLIOGRAPHY NUMBER
National bibliography number GB78-30304
020 ## - INTERNATIONAL STANDARD BOOK NUMBER
International Standard Book Number 0091340314 :
Terms of availability £3.75
040 ## - CATALOGING SOURCE
Original cataloging agency DLC
Transcribing agency DLC
Modifying agency DLC
043 ## - GEOGRAPHIC AREA CODE
Geographic area code fw-----
050 00 - LIBRARY OF CONGRESS CALL NUMBER
Classification number DT476.2
Item number .C77 1978
082 00 - DEWEY DECIMAL CLASSIFICATION NUMBER
Classification number 966
300 ## - PHYSICAL DESCRIPTION
Other physical details ill., maps, ports. ;
Dimensions 24 cm.
100 1# - MAIN ENTRY--PERSONAL NAME
Personal name Crowder, Michael,
Dates associated with a name 1934-1988.
9 (RLIN) 30540
245 10 - TITLE STATEMENT
Title West African resistance :
Remainder of title the military response to colonial occupation /
Statement of responsibility, etc edited by Michael Crowder.
250 ## - EDITION STATEMENT
Edition statement New ed. with corrections.
260 ## - PUBLICATION, DISTRIBUTION, ETC. (IMPRINT)
Place of publication, distribution, etc London :
Name of publisher, distributor, etc Hutchinson,
Date of publication, distribution, etc 1978.
300 ## - PHYSICAL DESCRIPTION
Extent xii, 314 p., [8] p. of plates :
440 #0 - SERIES STATEMENT/ADDED ENTRY--TITLE
Title Hutchinson university library for Africa
9 (RLIN) 24037
504 ## - BIBLIOGRAPHY, ETC. NOTE
Bibliography, etc Includes bibliographies and index.
651 #0 - SUBJECT ADDED ENTRY--GEOGRAPHIC NAME
Geographic name Africa, West
General subdivision Colonization.
9 (RLIN) 30517
651 #0 - SUBJECT ADDED ENTRY--GEOGRAPHIC NAME
Geographic name Africa, West
General subdivision History, Military.
9 (RLIN) 30541
906 ## - LOCAL DATA ELEMENT F, LDF (RLIN)
a 7
b cbc
c orignew
d 3
e ncip
f 19
g y-gencatlg
942 ## - ADDED ENTRY ELEMENTS (KOHA)
Source of classification or shelving scheme Library of Congress Classification
Koha item type Monograph ( Printed materials)
Holdings
Withdrawn status Lost status Source of classification or shelving scheme Damaged status Not for loan Collection code Home library Current library Shelving location Date acquired Total Checkouts Full call number Barcode Date last seen Date checked out Copy number Price effective from Koha item type
    Library of Congress Classification     Main Collection ARRUPE LIBRARY ARRUPE LIBRARY   04/03/2013 3 DT476.2.C77 1978 46003034308 30/09/2020 16/09/2020 1 04/03/2013 Monograph ( Printed materials)

 

Arrupe Library. PO Box MP320 Mt Pleasant, Harare, Zimbabwe
263 242 745411|librarian@aju.ac.zw